Guess the zelda game by one picture - Statistiques

Statistiques générales
  • Ce quiz a été pris 39 fois
  • Le résultat moyen est 11 sur 16
Statistiques - réponses
Par images Réponse % Correct
breath of the wild
97%
Twilight Princess
97%
Ocarina of time
90%
majora's mask
87%
Skyward Sword
83%
The wind waker
80%
Echoes of Wisdom
67%
minish cap
67%
A link between worlds
60%
A Link to the Past
57%
Link's awakening
57%
Tri force heroes
53%
Hyrule Warriors
50%
Phantom hourglass
47%
Zelda 2
47%
Oracle of Seasons
20%
Aucun quiz correspondant
Distribution des résultats
% des personnes avec chaque résultat
Percentile par nombre de réponses
Votre historique - résultats
Vous n’avez pas pris ce quiz